000
00305nam a22001337a 4500
008
170622b xxu||||| |||| 00| 0 eng d
020
_a
0881333255
041
_a
eng
080
_a
32
100
_a
20
101
_a
SHP
245
_a
THE MAFIA OF A SICILIAN VILLAGE, 1860--1960
_c
BLOK,A
942
_2
udc
_c
BK
999
_c
18592
_d
18592